| 000 | 00467nam a2200169Ia 4500 | ||
|---|---|---|---|
| 003 | GCL | ||
| 008 | 140319s9999 xx 000 0 ara d | ||
| 040 |
_aGCL / _cGCL |
||
| 082 | 0 | 4 |
_a813.01 _bع ن |
| 100 | 1 | _aعمر الصاوى | |
| 245 | 1 | 0 |
_aالنحلة النشيطة / _cعمر الصاوى |
| 490 |
_aاجمل القصص _v0 |
||
| 650 | 0 | 4 | _aالقصص القصيرة |
| 650 | 0 | 4 | _aقصص الاطفال |
| 650 | 0 | 4 | _aادب الاطفال |
| 942 |
_2ddc _cBK |
||
| 999 |
_c51023 _d51023 |
||